000 00640cam a2200205 a 4500
001 000025014
005 20200930023517.0
008 901219s2002 sp 000 p spa d
020 _z84993170712
040 _aDO-SdBNP
_bspa
_cBNPHU
082 _a861.64
_bP338a
100 1 _aPavía Molina, Carlos Luis
_923040
245 1 3 _aEl arrebato /
_cCarlos Luis Pavía Molina; colaboración Javier Pavía Fernández.
260 _aMadrid, (España) :
_b[s. n. ],
_c2002.
300 _a140 p. ;
_c20 cm.
650 4 _aPoesía española
_9631
650 4 _aLiteratura española
_9632
700 1 _aPavía Fernández, Javier
_951327
049 _aBNGR
999 _c24507
_d24507